000 00423cam a22001217a 4500
008 180718b xxu||||| |||| 00| 0 eng d
082 _aR803x54 1968
245 _aTrade unions in India
_cby Labour Bureau, Ministry of Labour and Rehabilitation
260 _aDelhi
_bGovernment of India
_c
300 _aii, 54p
500 _aContents: Library has 1968, 1972
700 _aIndia. Labour Bureau, Ministry of Labour and Rehabilitation
999 _c496427
_d496427